Statystyki dla Historia Polski: rozbiory

Kliknij tutaj aby rozwiązać quiz!

Ogólne statystyki

  • Ten quiz został rozwiązany 58 razy
  • Średni wynik to 16 z 39

Statystyki odpowiedzi

HintOdpowiedź% Poprawnych
Kto, przystępując do konfederacji, spowodował kapitulację
propagatorów Ustawy wobec Rosji?
król, Stanisław August Poniatowski
94%
Jak nazywał się wybrany w 1764 wolną elekcję król Polski?Stanisław August Poniatowski
94%
Jaka caryca sprawowała w tym czasie władzę w Rosji?Katarzyna II
88%
Ile lat obradował sejm powołany w celu zatwierdzenia traktatów?2 lata (1773-1775)
69%
Jaki król Polski zmarł w 1763?August III Sas
65%
W którym roku król ogłosił swoją abdykację?1795
63%
Jaka rodzina (tzw. Familia), współpracująca w czasie bezkrólewia z Rosją, pełniła wówczas najważniejszą rolę w państwie?Czartoryscy
62%
W którym roku Tadeusz Kościuszko ogłosił akt insurekcji przeciwko zaborcom i ogłosił się jej naczelnikiem?1794
60%
Jakie państwa podpisały układ?Rosja i Prusy
58%
Które z państw-sygnatariuszy rozbiorów oficjalnie poparło ogłoszenie Ustawy?Prusy
56%
Król rozpoczął władzę od wielu reform. Jak nazywała się otwarta w 1765 z jego inicjatywy pierwsza świecka szkoła w Polsce?Akademia
Szlacheckiego Korpusu
Jego Królewskiej Mości
i Rzeczypospolitej
54%
Jakie państwa podpisały traktat?Rosja, Prusy i Austria
54%
W jakim mieście opozycjoniści Ustawy ogłosili zawiązanie konfederacji?w Targowicy
54%
Jaką nazwę nosiła zawiązana w 1768 konfederacja skierowana przeciw Rosji?konfederacja barska
48%
W jakiej części Warszawy Rosjanie, w odwecie, zorganizowali rzeź?w Pradze
48%
Jakie kraje podpisały traktaty rozbiorowe?Rosja, Prusy i Austria
44%
W dniu rozpoczęcia obrad jeden z posłów zaprotestował przez podarcie własnych ubrań i zastawienie wejścia do sali sejmowej. Jak się nazywał?Tadeusz Rejtan
44%
Jaki order został ustanowiony przez króla po tej bitwie?Virtuti Militari
42%
W którym roku sejm, pod naciskiem władz Rosji, uchwalił prawa kardynalne?1768
40%
W jakiej bitwie doszło do największego sukcesu zbrojnego powstania?pod Racławicami
38%
W którym roku konfederaci podjęli się próby porwania obecnego króla?1771
37%
Jaką nazwę nosiła powołana w 1773 instytucja ministerstwa edukacji?Komisja Edukacji Narodowej
37%
Jakiej grupie religijnej król, pod naciskiem władz Rosji i Prus, obiecał przywrócenie praw religijnych?prawosławnych
33%
Jakie prawo przysługujące każdemu posłowi gwarantowały te prawa?liberum veto
31%
Jaki ustrój polityczny wprowadziła Ustawa?monarchię konstytucyjną
31%
W 1790 król oraz szlachta pracowała nad dokumentem określającym nowy ustrój państwa polskiego. Wymień jednego z jej autorów (wyłaczając króla).Hugo Kołłątaj
Ignacy Potocki
Scipione Piattoli
29%
Jakiego dnia i roku, bez uwzględnienia obowiązujących prawnie procedur, uchwalono Ustawę rządową?3 maja 1791
27%
Jaki ambasador rosyjski zasłynął ze szczególnie szkodliwej dla Polski działałności?Mikołaj Repnin
27%
Jaka bitwa, zakończona zwycięstwem Rosji i pojmaniem naczelnika insurekcji, położyła pośrednio kres walkom?pod Maciejowicami
27%
Pod wpływem uchwalenia Ustawy Rosja rozpoczęła reakcję zbrojną przeciw Polsce. W jakiej bitwie Polacy odnieśli jeden z niewielu sukcesów?pod Zieleńcami
21%
Gdzie zawiązano również katolicką konfederację, wrogą królowi i Familii?w Radomiu
21%
Jak nazywał się ustanowiony w 1775 najwyższy organ władzy wykonawczej?Rada Nieustająca
15%
W jakich miastach, pod wpływem niezgody sejmu na ich prawa, owi dysydenci religijni zawiązali konfederację?w Toruniu i Słucku
15%
Jak potocznie nazywa się powstania prawosławnych chłopów, którzy, wbrew konfederacji 1768, dopuszczali się masowych mordów na Ukrainie?koliszczyzna
12%
Jak nazywał się główny organ władzy wykonawczej, powoływany przez króla i składający się z pięciu ministrów, ustanowiony przez Ustawę?Straż Praw
12%
Jaką nazwę nosił naczelny organ władzy powołany przez konfederatów?Rada Generalna Stanów Skonfederowanych
Konfederacji Barskiej
8%
Jaka jest data podpisania trzeciego traktatu rozbiorowego?24 października 1795
6%
Upadek sił konfederacji spowodował pierwszy rozbiór Polski. Jaka jest dokładna data podpisania traktatów rozbiorowych?5 sierpnia 1772
6%
Jaka jest data podpisania drugiego układu rozbiorowego?23 stycznia 1793
4%

Rozkład punktacji

Percentyl według liczby udzielonych odpowiedzi

Procent ludzi z każdym wynikiem

Twoja historia wyników

Nie rozwiązałeś tego quizu